000 00951nam a2200265 i 4500
001 104973
003 ES-MaACL
005 20251123063306.0
007 t|
008 060601s1964 sp ||||1| spa d
080 _a75 Delgado, Álvaro (083.82)
100 1 _aDelgado, Álvaro,
_d1922-
_943394
245 1 0 _aÁlvaro Delgado
_b: [exposición, Festivales de España, 1964] /
_c[Texto: Jesús Villa].
260 _a[Madrid] :
_bPublicaciones Españolas,
_c[1964]
300 _a[12] p. :
_bil. ;
_c23 cm.
490 1 _aCuadernos de arte. Serie divulgación ;
_v8
600 1 4 _aDelgado, Álvaro,
_d1922-
_943394
655 7 _2tgfbne
_9193628
_aCatálogos de exposiciones
700 1 _aVilla, Jesús.
_9114871
710 2 _aFestivales de España.
_94125
830 0 _aCuadernos de arte. Serie divulgación ;
_v8
_9184876
852 _aES-MaACL
_j2204-F-4
_9108896
_bR.137515
_cDEPOF
942 _2udc
_cFOLLETOS
999 _c104973
_d104973